000
003430000a22001450004500
005
20120302061534.0
942
_c
BOOK
100
_a
Sathe,Vinayak Vasudev
245
_a
Upaasanaa Maargaateel Khaanaakhunaa:Bhag-3,4
260
_a
Ratnagiri:Pu.Ra.Gogage,1950.
300
_a
73p.
040
_a
MAR
650
_a
Dharma
650
_a
Upaasanaa
999
_c
354224
_d
354221